000 00325nam a2200157Ia 4500
008 230312s9999||||xx |||||||||||||| ||und||
020 _a90-206-2328-1
082 _a821
_bSTI-K
100 _aStine R.L.
245 0 _aKippevel
260 _bKluitman
300 _a125
546 _aEng.
650 _aLiterature
942 _cBK
999 _c229
_d229